005860000a2200157000450000500170000000800410001702000150005808200150007310000220008824501020011026000620021230000580027465000330033265000410036570000220040620240605154638.0230817t2002 ||||| |||| 00| 0 eng d a9555800634 a305.4bALW aAlwis, Malathi de aCapacity building in conflict zones:ba feminist analysis of humanitarian assistance in Sri Lanka bColombo:aInternational Center for Ethnic Studies, c2002 a64 p., [5] leaves of plates : col. ill., map ; 22 cm. aFeminist ethics- Sri Lanka  a Women- Sri Lanka -Social conditions aHyndman, Jennifer